| 000 | 00340nam a22001337a 4500 | ||
|---|---|---|---|
| 082 |
_a629.134 _bDON |
||
| 100 |
_aDonaldson, Bruce K _944315 |
||
| 245 |
_aAnalysis of Aircraft Structures / _cBruce K Donaldson, |
||
| 250 | _aSecond Edition | ||
| 260 |
_aNew York : _bCambridge; _c2008. |
||
| 300 | _a974p. | ||
| 500 | _aHB | ||
| 942 |
_2ddc _cBK |
||
| 999 |
_c606833 _d606833 |
||